Hip Hop Universe's 250 Worst Rappers of All Time - Statistics

General Stats
  • This quiz has been taken 316 times
  • The average score is 29 of 255
Answer Stats
Answer % Correct
133 Lil Pump
71%
130 6ix9ine
53%
57 Lil B
46%
98 Cardi B
44%
210 Nicki Minaj
44%
2 Lil Xan
43%
213 Future
41%
106 Lil Yachty
40%
208 Lil Baby
37%
214 Young Thug
36%
252 Playboi Carti
35%
82 Vanilla Ice
34%
147 Blueface
33%
150 Smokepurrp
33%
221 Gunna
32%
219 Kodak Black
32%
48 Soulja Boy
32%
253 Quavo
31%
220 Gucci Mane
29%
207 Rick Ross
27%
9 Iggy Azalea
26%
77 Tom MacDonald
26%
168 French Montana
25%
250 Puff Daddy
24%
230 Tyga
24%
193 Desiigner
23%
223 Rich The Kid
23%
131 Birdman
21%
70 Lil Jon
21%
251 Master P
21%
240 Rich Homie Quan
21%
104 Flo Rida
20%
238 Post Malone
20%
138 Bow Wow
19%
174 Fetty Wap
19%
209 Macklemore
19%
145 MC Hammer
19%
28 Pitbull
19%
56 Kid Buu
18%
30 IceJJFish
17%
20 Jake Paul
17%
157 KSI
17%
37 Logan Paul
17%
68 Riff Raff
17%
32 DJ Khaled
16%
246 Madeintyo
16%
173 Rae Sremmurd
16%
1 Submarine Man
16%
228 Ty Dolla Sign
16%
78 Young B
16%
74 Benzino
15%
128 BlocBoy JB
15%
255 Lil Flip
15%
254 Mike Jones
15%
125 NAV
15%
80 RiceGum
15%
44 Slim Jesus
15%
204 Famous Dex
14%
205 Kid Ink
14%
83 Plies
14%
55 Trinidad James
14%
216 Ugly God
14%
116 Bhad Bhabie
13%
120 Chingy
13%
245 Gudda Gudda
13%
43 Lil Tay
13%
212 Lil Twist
13%
162 OJ Da Juiceman
13%
222 Sheck Wes
13%
49 Silentó
13%
175 Tony Yayo
13%
206 Yo Gotti
13%
99 22 Savage
12%
187 Bizarre
12%
159 Flavor Flav
12%
166 Lil Romeo
12%
143 Nick Cannon
12%
165 Icy Narco
11%
12 Lanze
11%
249 Young Nudy
11%
135 D4L
10%
178 Dej Loaf
10%
247 DJ Unk
10%
84 ILoveMakonnen
10%
242 Kamaiyah
10%
234 Kap G
10%
5 K-Fed
10%
10 KYYNGG
10%
123 Lil Boosie
10%
217 Lil Wop
10%
170 Lonzo Ball
10%
224 OG Maco
10%
126 O.T. Genasis
10%
248 Paul Wall
10%
6 Rich White Man
10%
85 Shawty Lo
10%
235 SpaceGhostPurrp
10%
72 will.i.am
10%
121 Ying Yang Twins
10%
180 Yung Bans
10%
109 Bone Crusher
9%
156 Deji
9%
105 ILoveMemphis
9%
164 Kid Red
9%
8 Lil Meerkat
9%
243 Mannie Fresh
9%
192 Marky Mark
9%
61 3PAC
8%
103 Ayo & Teo
8%
241 Bali Baby
8%
65 Bubba Sparxxx
8%
87 Chanel West Coast
8%
31 Fred Durst
8%
34 Insane Clown Posse
8%
86 Jim Jones
8%
124 J-Kwon
8%
215 Juelz Santana
8%
148 Kid Rock
8%
199 Kobe Bryant
8%
24 Kreayshawn
8%
198 Lil Chuckee
8%
29 Lil Debbie
8%
58 Lil Flexer
8%
229 Monty
8%
171 Tim Dog
8%
16 Unkle Adams
8%
75 Viper
8%
203 YBN Almighty Jay
8%
108 Yung Berg
8%
51 1000 Savage
7%
183 Anuel AA
7%
139 Ballout
7%
38 Bella Thorne
7%
179 Blac Youngsta
7%
142 Daddy Yankee
7%
137 Dem Franchize Boyz
7%
194 Gorilla Zoe
7%
153 Hurricane Chris
7%
21 JackG
7%
201 Jermaine Dupri
7%
144 John Cena
7%
132 Jojo Siwa
7%
195 Khia
7%
3 LAFEAR
7%
23 Lil Mosquito Disease
7%
112 Lil Shizz
7%
227 Lil Zane
7%
102 Matt Ox
7%
122 Mims
7%
18 Nick Crompton
7%
236 No Plug
7%
11 R.A.E.D.
7%
172 Ralo
7%
244 Sage The Gemini
7%
239 Shyne
7%
81 Stitches
7%
191 Trina
7%
33 V-Nasty
7%
39 WoahhVicky
7%
161 YC
7%
66 Yung Joc
7%
176 69 Boyz
6%
177 Aaron Carter
6%
117 Azealia Banks
6%
190 Big SMO
6%
141 BOONK
6%
35 B Pumper
6%
52 Cal Chuchesta
6%
93 Cali Swag District
6%
13 FACE
6%
119 Fergie
6%
225 Hobo Johnson
6%
73 Honey G
6%
40 iLOVEFRiDAY
6%
163 Jibbs
6%
152 K Camp
6%
47 Lama Doodle
6%
149 Lil Fizz
6%
113 Lil Mama
6%
50 Lil Puro
6%
211 Lil Scrappy
6%
114 Lil Toenail
6%
92 Lil Wil
6%
101 Lil Windex
6%
136 LMFAO
6%
67 Max P
6%
196 Michael Trapson
6%
19 Misha
6%
91 New Boyz
6%
62 Pinky
6%
231 PSY
6%
4 Riak Riak
6%
197 Stefflon Don
6%
69 Supreme Patty
6%
60 Tanner Fox
6%
7 The Backpack Kid
6%
202 YBN Manny
6%
45 Yung Fizz
6%
96 40 Glocc
5%
59 ApoRed
5%
189 Cowboy Troy
5%
146 cupcakKe
5%
54 D4NNY
5%
184 Da Dough
5%
89 GS Boyz
5%
63 IPipeYahHoe
5%
134 Katie Got Bandz
5%
79 Keemstar
5%
118 Lil Boom
5%
97 Lil Poopy
5%
53 MattyBRaps
5%
188 Mickey Avalon
5%
186 Rasheeda
5%
182 Ronny J
5%
237 Trill Sammy
5%
15 Yung Piss
5%
115 Yung Schmoobin
5%
233 Adam Hicks
4%
25 Bangs
4%
111 Daddy Long Neck/Wide Neck
4%
90 Duffle Bag Boiz
4%
181 Enzo Amore
4%
160 Joseline Hernandez
4%
200 Jus Reign
4%
17 Lil Bodypillow
4%
129 Lil Keyu
4%
41 Little T
4%
71 PolitikZ
4%
140 Silkk Tha Shocker
4%
167 SkinBone
4%
218 The BoyBoy WestCoast
4%
88 T-Wayne
4%
14 Young Signorino
4%
169 [CSK] Credostar King
3%
27 Lil Droptop
3%
158 Lil Flash
3%
26 Lil Home State
3%
94 Lil Kloroxxx
3%
42 Lil' Tasty
3%
36 Nicole Arbour
3%
127 Patrice Wilson
3%
154 Soldier Kidd
3%
22 Sydney McGee
3%
232 The Lonely Island
3%
226 Travie McCoy
3%
151 Wake Flocka Flame
3%
110 Yo Yo Honey Singh
3%
185 Big Nik
2%
95 FlyRich Double
2%
155 Lil Pancho
2%
107 P Fizzle
2%
76 Ron Browz
2%
46 Savannah Phan
2%
100 Zay Hilfigerr & Zayion McCall
2%
64 Chet Hanx
1%
No matching quizzes found
Score Distribution
Percent of People with Each Score
Percentile by Number Answered
Your Score History
You have not taken this quiz